000 02125cim a2200505Ia 4500
001 271191472
003 OCoLC
005 20250228075009.0
007 sd fsngnnmmneu
008 081112s2009 mdunnn f eng d
020 _a9781415961070 :
_c$120.00
020 _a1415961077 :
_c$120.00
028 0 2 _a7913-CD
_bBooks on Tape
035 _a(OCoLC)271191472
037 _bBooks on Tape
_nhttp://library.booksontape.com
040 _aTEFBT
_cTEFBT
_dTEFBT
_dWIM
_dPFO
_dOCLCQ
_dSX@
043 _an-us-ny
049 _aSX@A
082 0 4 _a813/.54
_222
099 _aPatterson, J.
100 1 _aPatterson, James,
_d1947-
245 1 0 _aRun for your life
_h[sound recording] :
_b[a novel] /
_cby James Patterson & Michael Ledwidge.
250 _aLibrary ed.
260 _aWestminster, Md. :
_bBooks on Tape,
_cp2009.
300 _a6 sound discs (ca. 65 min. each) :
_bdigital ;
_c4 3/4 in.
490 1 _aA Michael Bennett novel ;
_v2.
500 _aSubtitle from book and container.
500 _aUnabridged.
500 _aBooks on Tape: 7913-CD.
511 0 _aNarrators: Bobby Cannavale and Dallas Roberts.
520 _aA calculating killer who calls himself The Teacher is taking on New York City, slaughtering the powerful and the arrogant. Everyone is his potential student -- from the loudmouthed girl on her cell phone to the city's snooty upper crust. For some, it seems that the rich are finally getting what they deserve. For New York's elite, it is a call to terror. A secret pattern emerges in The Teacher's lessons, leaving Detective Michael Bennett just a few precious hours to save New York from the greatest disaster in its history.
538 _aCompact discs.
590 _aswfcd05/09.
590 _ajla10/16.
650 0 _aRich people
_vFiction.
650 0 _aSerial murderers
_vFiction.
651 0 _aNew York (N.Y.)
_vFiction.
655 7 _aSuspense fiction.
_2gsafd.
700 1 _aLedwidge, Michael.
700 1 _aCannavale, Bobby.
700 1 _aRoberts, Dallas.
800 1 _aPatterson, James,
_d1947-
_tMichael Bennett novel ;
_v2.
907 _a.b14476563
942 _cBK
999 _c30575
_d30573